Základy účetnictví v tržní ekonomice
Salvato in:
| Autore principale: | |
|---|---|
| Natura: | Libro |
| Lingua: | ceco |
| Pubblicazione: |
Praha
Inst. řízení
1991
|
| Edizione: | 1. vyd. |
| Soggetti: | |
| Tags: |
Nessun Tag, puoi essere il primo ad aggiungerne!!
|
MARC
| LEADER | 00000nam a2200000 4500 | ||
|---|---|---|---|
| 001 | c003423 | ||
| 005 | 20221214095402.4 | ||
| 020 | |a 80-7014-039-9 | ||
| 041 | 0 | |a cze | |
| 044 | |a CZ | ||
| 245 | 1 | 0 | |a Základy účetnictví v tržní ekonomice |c Bohuslav Fireš |
| 250 | |a 1. vyd. | ||
| 264 | 1 | |a Praha |b Inst. řízení |c 1991 | |
| 300 | |a 108 s. | ||
| 610 | 2 | 0 | |a účtovníctvo |
| 610 | 2 | 0 | |a reformy hospodárske |
| 610 | 2 | 0 | |a organizácie hospodárske |
| 610 | 2 | 0 | |a podnikanie |
| 610 | 2 | 0 | |a financie podnikové |
| 610 | 2 | 0 | |a riadenie |
| 610 | 2 | 0 | |a výkazy účtovné |
| 610 | 2 | 0 | |a rozbory činnosti hospodárskej |
| 610 | 2 | 0 | |a účty výsledkové |
| 610 | 2 | 0 | |a uzávierka účtovná |
| 610 | 2 | 0 | |a revízia hospodárenia |
| 100 | 1 | |a Fireš, Bohuslav | |